Catálogo
 En Linea

Gobierno Central : ¿espacio para la participación y construcción de ciudadanía? (Registro nro. 27745)

Detalles MARC
000 -CABECERA
campo de control de longitud fija 00979nam a2200217 a 4500
001 - NÚMERO DE CONTROL
campo de control 000028253
005 - FECHA Y HORA DE LA ÚLTIMA TRANSACCIÓN
campo de control 20200930031459.0
008 - DATOS DE LONGITUD FIJA--INFORMACIÓN GENERAL
campo de control de longitud fija 110407s1999 dr a 000 0 spa d
040 ## - FUENTE DE LA CATALOGACIÓN
Centro catalogador/agencia de origen DO-SdBNP
Lengua de catalogación spa
Centro/agencia transcriptor BNPHU
082 ## - NÚMERO DE LA CLASIFICACIÓN DECIMAL DEWEY
Número de clasificación xxx
Número de documento/Ítem M553p
049 ## - FONDOS LOCALES (OCLC)
Fondos de biblioteca BNPD
100 1# - ENTRADA PRINCIPAL--NOMBRE DE PERSONA
Nombre de persona Mercedes, Ayacx
9 (RLIN) 55244
245 10 - MENCIÓN DE TÍTULO
Título Gobierno Central : ¿espacio para la participación y construcción de ciudadanía?
246 14 - FORMA VARIANTE DE TÍTULO
Título propio/Titulo breve Participación y construcción de ciudadanía.
260 ## - PUBLICACIÓN, DISTRIBUCIÓN, ETC.
Lugar de publicación, distribución, etc. Santo Domingo :
Nombre del editor, distribuidor, etc. IDEGRAF,
Fecha de publicación, distribución, etc. 1999.
300 ## - DESCRIPCIÓN FÍSICA
Extensión 45 p. ;
Dimensiones 22 cm.
500 ## - NOTA GENERAL
Nota general Incluye datos biográficos del autor en la contracubierta
500 ## - NOTA GENERAL
Nota general "Ponencia presentada originalmente en el seminario " problemas sociales urbanos", organizada por la PUCMM, octubre de 1997". se han realizado algunas modificaciones para incorporar acciones desarrolladas posteriormente por la CPADB.
504 ## - NOTA DE BIBLIOGRAFÍA, ETC.
Nota de bibliografía, etc. Bibliografía p. 44-45
710 2# - PUNTO DE ACCESO ADICIONAL--NOMBRE DE ENTIDAD CORPORATIVA
Nombre de entidad corporativa o nombre de jurisdicción como elemento de entrada Seminario problemas sociales urbanos
Fecha del congreso/reunión o de la firma de un tratado (1997 oct. :
Sede del congreso/Lugar de la reunión Santo Domingo)
9 (RLIN) 55245
Existencias
Estado de retiro Estado de pérdida No para préstamo Código de colección Localización permanente Ubicación/localización actual Ubicación en estantería Fecha de adquisición Número de inventario Total de préstamos Signatura topográfica completa Código de barras Fecha visto por última vez Precio válido a partir de Tipo de ítem Koha
    Excluido de préstamo Patrimonio Dominicano Patrimonio Dominicano Patrimonio Dominicano Depósito 07.04.2011 LF1   xxx M553p 28253-10 25.06.2020 25.06.2020 Libro y Folleto Colección Patrimonio Dominicano

Con tecnología Koha